000 01031nam a22002651u 4500
001 12658
003 HDC
007 cr bn ---
008 210209p2002 my eng
040 _aHDC
100 _aUmi Kalsom Mohd. Shah,
_eauthor
_913441
245 0 _aRT-PCR analysis of in vivo expression of α-galactosidase gene in Phanerochaete chrysosporium ME446 grown on solid lignocellulosic substrate /
_cby Umi Kalsom Mohd. Shah
260 _aSerdang :
_bMalaysian Agricultural Research and Development Institute (MARDI),
_c2002
300 _a1 page
336 _atext
_2rdacontent
337 _acomputer
_2rdamedia
338 _aonline resource
_2rdacarrier
650 _aHemicellulase
_913444
650 _aLignocellulosic
_913443
650 _aPhanerochaete chrysosporium
_913442
856 _zRequest full-text at [email protected]
942 _2lcc
942 _cAR
942 _kJART 003195
999 _c9981
_d9981